Agni ki udan (Record no. 6984)

MARC details
000 -LEADER
fixed length control field 00516cam a2200217ua 4500
001 - CONTROL NUMBER
control field 7869
005 - DATE AND TIME OF LATEST TRANSACTION
control field 20260515114249.0
008 - FIXED-LENGTH DATA ELEMENTS--GENERAL INFORMATION
fixed length control field 141229n ii |||gr||||Z||||||hin
020 ## - INTERNATIONAL STANDARD BOOK NUMBER
International Standard Book Number 8173154198
040 ## - CATALOGING SOURCE
Transcribing agency MAIN
041 ## - LANGUAGE CODE
Language code of text/sound track or separate title hin
082 ## - DEWEY DECIMAL CLASSIFICATION NUMBER
Classification number 920
100 ## - MAIN ENTRY--PERSONAL NAME
Personal name Kalam, A.P.J. A.,
Relator term Author.
245 1# - TITLE STATEMENT
Title Agni ki udan
Statement of responsibility, etc. By A.P.J. Abdul Kalam
250 ## - EDITION STATEMENT
Edition statement 1st.
260 ## - PUBLICATION, DISTRIBUTION, ETC.
Place of publication, distribution, etc. New Delhi:
Name of publisher, distributor, etc. Prabat,
Date of publication, distribution, etc. 2010.
300 ## - PHYSICAL DESCRIPTION
Extent 191p.
653 ## - INDEX TERM--UNCONTROLLED
Uncontrolled term Biography, genealogy & insignia
653 ## - INDEX TERM--UNCONTROLLED
Uncontrolled term Autobiography
942 ## - ADDED ENTRY ELEMENTS (KOHA)
Koha item type Books
Holdings
Withdrawn status Lost status Damaged status Not for loan Home library Current library Shelving location Date acquired Total checkouts Full call number Barcode Date last seen Copy number Price effective from Koha item type
        Naharkatiya College Library Naharkatiya College Library General stacks 09/19/2020   920 | KAL 19647 09/19/2020 1 09/19/2020 Books